[Event "CFriend AP-2004-Q-00015 email"]
[Site "Chessfriend.com"]
[Date "2004.07.10"]
[Round "?"]
[White "Huber, Martin Christian"]
[Black "Mondelo Garcia, Alejandro"]
[Result "0-1"]
[WhiteElo "1508"]
[BlackElo "2000"]
[PlyCount "62"]
[EventDate "2004.??.??"]
[EventType "tourn (corr)"]
[EventRounds "12"]
[SourceTitle "Corr 2008"]
[Source "ChessBase"]
[SourceDate "2008.06.24"]
[SourceVersion "1"]
[SourceVersionDate "2008.06.24"]
[SourceQuality "1"]

1. d4 d5 2. c4 c6 3. Nc3 Nf6 4. Nf3 e6 5. Bg5 Nbd7 6. cxd5 exd5 7. e3 Be7 8. Bd3 0-0 9. 0-0 Re8 10. Rc1 Nf8 11. h3 Ne4 12. Bxe7 Qxe7 13. Bxe4 dxe4 14. Nd2 f5 15. Ne2 Ng6 16. Rc5 Be6 17. Nc4 b6 18. Rxc6 Bd5 19. Rxg6 hxg6 20. Ne5 Qd6 21. Nf4 Bf7 22. g4 g5 23. Ne2 f4 24. Nc3 Bd5 25. Nb5 Qh6 26. Kh2 Rac8 27. Qa4 a6 28. Qxa6 Ra8 29. Na7 Red8 30. Qa4 Qd6 31. Rc1 Qb8 0-1